[Event "Geneve Cavaliers Fous op 8th"]
[Site "Geneve"]
[Date "2022.10.21"]
[Round "7"]
[White "Ruiz Rodriguez, Jose Manuel"]
[Black "De Gregorio, Alexis"]
[Result "1/2-1/2"]
[WhiteElo "2015"]
[BlackElo "1997"]
[PlyCount "76"]
[EventDate "2022.09.02"]
[EventType "swiss"]
[EventRounds "7"]
[EventCountry "SUI"]
[SourceTitle "EXT 2024"]
[Source "ChessBase"]
[SourceDate "2023.10.10"]
[SourceVersion "1"]
[SourceVersionDate "2023.10.10"]
[SourceQuality "1"]

1. d4 Nf6 2. c4 e6 3. Nf3 c5 4. d5 exd5 5. cxd5 d6 6. Nc3 g6 7. g3 Bg7 8. Bg2 0-0 9. 0-0 a6 10. a4 Re8 11. Re1 Nh5 12. e4 Nd7 13. Bg5 Bf6 14. Bxf6 Qxf6 15. Qd2 b6 16. Re2 Rb8 17. Rae1 b5 18. axb5 axb5 19. e5 Nxe5 20. Nxe5 Rxe5 21. Ne4 Qd8 22. f4 Re8 23. Bf3 f5 24. Bxh5 fxe4 25. Bf3 Bd7 26. Bxe4 Qf6 27. Bf3 Ra8 28. Kf2 Kf7 29. Re6 Bxe6 30. dxe6+ Ke7 31. Bxa8 Rxa8 32. Re2 Ra4 33. Kg2 Qd4 34. Qe1 Rb4 35. Qa1 Ra4 36. Qc1 Rc4 37. Qa1 Ra4 38. Qc1 Rc4 1/2-1/2

[Event "Seville op 45th"]
[Site "Seville"]
[Date "2020.01.11"]
[Round "2"]
[White "Pridorozhni, Aleksei"]
[Black "Ruiz Rodriguez, Jose Manuel"]
[Result "1-0"]
[WhiteElo "2601"]
[BlackElo "2002"]
[PlyCount "63"]
[EventDate "2020.01.10"]
[EventType "swiss"]
[EventRounds "9"]
[EventCountry "ESP"]
[SourceTitle "CBM 194 Extra"]
[Source "ChessBase"]
[SourceDate "2020.03.31"]
[SourceVersion "1"]
[SourceVersionDate "2020.03.31"]
[SourceQuality "1"]

1. e4 c5 2. Nc3 a6 3. g3 b5 4. Bg2 Bb7 5. d3 e6 6. Nh3 Ne7 7. 0-0 d5 8. f4 g6 9. f5 exf5 10. exf5 b4 11. Na4 Nxf5 12. g4 Nd4 13. Ng5 f6 14. c3 h6 15. Re1+ Be7 16. Nh3 bxc3 17. bxc3 Nb5 18. Nf4 Kf7 19. Qe2 Qd6 20. Qxe7+ Qxe7 21. Rxe7+ Kxe7 22. Nxg6+ Kf7 23. Nxh8+ Kg7 24. Nxc5 Bc6 25. Bd2 d4 26. c4 Nd6 27. Bf4 Bxg2 28. Kxg2 Ne8 29. Ne6+ Kxh8 30. Nxd4 Kg7 31. Rb1 Nd7 32. Rb7 1-0